000 01063cam a2200241 4500
001 ABS66120
008 021203n2002 000 0 eng u
035 _a(Sirsi) u120642
100 _aLewin, L.
245 _aBuilders' missives: the case for standardisation
260 _c2002
490 _aProperty Law
_v(60) November 2002, 1-3(3)
520 _aThe Conveyancing Committee of the Law Society of Scotland examines areas of law and practice of conveyancing that could be improved. Argues for the standardisation of builders' missives, particularly of certain clauses involving deposits, payment of the purchase price, electronic same day transfer of funds, productions of permissions, consents and searches, variations of materials and estate layouts and factoring and title conditions.
590 _aABS
650 _aBUILDERS' MISSIVES
650 _aSTANDARDISATION
650 _aCONVEYANCING
650 _aCONTRACT CLAUSES
650 _aHOUSE BUILDING
690 _aBUILT ENVIRONMENT-BUILDING STANDARDS
700 _aBrymer, S.
942 _n0
999 _c71691
_d71691